Edukačné centrum STU

Guardado en:
Detalles Bibliográficos
Autor principal: Rusiňák, Boris (Autor)
Otros Autores: Šíp, Lukáš, 1983- (Orientador)
Formato: Manuscrito Libro
Lenguaje:eslovaco
Publicado: Bratislava 2015
Materias:
Acceso en línea:http://is.stuba.sk/zp/portal_zp.pl?podrobnosti=111971
Etiquetas: Agregar Etiqueta
Sin Etiquetas, Sea el primero en etiquetar este registro!

MARC

LEADER 00000ntm a22000003a 4500
001 stuzp51947
003 SK-STU
005 20210301141448.8
007 ta
008 150427s2015----xo-----f-mn---000-0-slo-d
040 |a STU  |b slo 
041 0 |a slo 
100 1 |a Rusiňák, Boris  |u 052120  |4 aut  |U FAD Fakulta architektúry  |T FA Ústav ekologickej a experimentálnej architektúry  |X 49732  |U A2120  |Y 393  |7 49732 
242 0 1 |a Education centre of STU  |y eng 
245 1 0 |a Edukačné centrum STU 
260 |c 2015  |a Bratislava 
650 4 |a Edukácia  |2 slo 
650 4 |a Imricha Karvaša  |2 slo 
650 4 |a STU  |2 slo 
650 4 |a Education  |2 eng 
650 4 |a Slovak  |2 eng 
650 4 |a Technical  |2 eng 
700 1 |a Šíp, Lukáš,  |d 1983-  |4 ths  |X 29145  |7 A000029145 
856 4 |u http://is.stuba.sk/zp/portal_zp.pl?podrobnosti=111971  |u https://opac.crzp.sk/?fn=detailBiblioForm&sid=367CD704F5D5570C78E1F2DE3652 
SQL |a stuzp51947  |b DBP  |c SLO  |d Edukačné centrum STU  |e 49732  |f Rusiňák, Boris  |g 052120  |h 29145  |i Šíp, Lukáš  |j 20150612  |k 149  |l 05  |m http://is.stuba.sk/zp/portal_zp.pl?podrobnosti=111971  |n B-AU  |o 5.1.1. architektúra a urbanizmus